000 00684nam a2200205Ii 4500
003 JO-AjNU
008 230605s9999||||xx |||||||||||||| ||und||
040 _aJO-AjNU
_bara
_erda
_cJO-AjNU
041 _aara
050 1 4 _aDT107.2.M87.A426 1989
100 3 _aعمارة، محمد,
_eauthor
_919128
245 0 0 _aالجامعة الإسلامية والفكرة القومية عند مصطفى كامل
250 _aط1
264 3 1 _aبيروت: دار قتيبة، 1989
300 _a 123ص
336 _atext
_btxt
_2rdacontent
337 _aunmediated
_bn
_2rdamedia
338 _avolume
_bnc
_2rdacarrier
650 4 _aالقومية-مصطفى كامل-مصر-تاريخ
_919129
999 _aA6249
_c9817
_d9817